Κατάλογος Βιβλιοθηκών Mediterranean College

Μοιραία Ερωτική Καταδίωξη / Μυθιστόρημα (Record no. 2223)

MARC details
000 -LEADER
fixed length control field 01369cam a22002054a 4500
005 - ΗΜΕΡΟΜΗΝΙΑ ΚΑΙ ΩΡΑ ΤΕΛΕΥΤΑΙΑΣ ΕΝΗΜΕΡΩΣΗΣ
Πεδίο ελέγχου 20250605164034.0
008 - FIXED-LENGTH DATA ELEMENTS--GENERAL INFORMATION
Πεδίο ελέγχου σταθερού μήκους 250528s ||||||||||||||||||||||||d
035 ## - SYSTEM CONTROL NUMBER
System control number 16754
020 ## - ISBN
ISBN 9600314632
040 ## - ΠΗΓΗ ΚΑΤΑΛΟΓΟΓΡΑΦΗΣΗΣ
Φορέας πρωτότυπης καταλογογράφησης MC Athens Campus Library
Γλώσσα καταλογογράφησης Ελληνικά, Μοντέρνα (1453-)
Modifying agency MC Athens Campus Library
Κανόνες περιγραφικής καταλογογράφησης AACR2
245 1# - ΤΙΤΛΟΣ ΚΑΙ ΔΗΛΩΣΗ ΥΠΕΥΘΥΝΟΤΗΤΑΣ
Τίτλος Μοιραία Ερωτική Καταδίωξη / Μυθιστόρημα
260 ## - PUBLICATION, DISTRIBUTION, ETC.
Name of publisher, distributor, etc. Καστανιώτη,
Date of publication, distribution, etc. 1996
300 ## - PHYSICAL DESCRIPTION
Extent 280
505 0# - FORMATTED CONTENTS NOTE
Formatted contents note Η Ωραία Πόζαμοντ, Η ''Κίρκη'', Συνοδός, Ανθισμένη Ρόουζ, Χολέρα, Ένας Κρυμμένος Τάφος, Μια Γυναικεία Σκιά, Μες στη Νύχτα, Η Καταξίωδη Αρχίζει, Μαντμαζέλ Όνοριν, Άλλη μια Γυναίκα Περισσότερο Δυστυχισμένη, Στο Εξομολόγητήριο, Αποτάξου τον Πειρασμό, Μια Στιγμή Ευτυχίας, Η Κυρία Κόμισσα, Τρελή, Μαρτύριο, Ένας Φίλος, ''Κόρη μου'', Κ.Ε., ΗΥ Κυρία Τέμπεστ, Δύο Φορές Νικημένος, Τιμωρία, Το Όραμα Επαληθεύεται.
520 ## - SUMMARY, ETC.
Summary, etc. Ένα ρομαντικό θρίλερ, με τη σφραγίδα της δημιουργού των Μικρών Κυριών.
700 1# - ΠΡΟΣΘΕΤΗ ΑΝΑΓΡΑΦΗ--ΦΥΣΙΚΟ ΠΡΟΣΩΠΟ
Personal name Alcott Louisa May
9 (RLIN) 2844
942 ## - ADDED ENTRY ELEMENTS (KOHA)
Koha item type Books
Holdings
Τύπος τεκμηρίου Βιβλιοθήκη Τρέχουσα τοποθεσία Barcode Αριθμός εισαγωγής Ημερομηνία απόκτησης Ταξιθετικό σύμβολο Αριθμός αντιτύπου Κατάσταση απόσυρσης Κατάσταση χαμένου Κατάσταση κατεστραμμένου Μη δανεισμός Σύνολο δανεισμών Ημερομηνία τελευταίας εμφάνισης Η τιμή ισχύει από
Books MC Athens Campus Library MC Athens Campus Library 9780000022226 4977 05/06/2025 810 ALC 1           05/06/2025 05/06/2025

MC Athens Campus Library
Πατησίων 94 & Κοδριγκτώνος 13, 104 34
Πελλήνης 8 & Πατησίων 107, 112 51
Τ: +30 210 8899600

MC Thessaloniki Campus Library
Ίωνος Δραγούμη 21, 54625 | Ίωνος Δραγούμη 15, 54625
Τ: +30 2310 287779 – Τ: +30 2314 440300